| 000 | 00638nam a22001457a 4500 | ||
|---|---|---|---|
| 020 | _a0520237927 | ||
| 082 | _a280 SCB | ||
| 100 |
_aAlan H. Goodman _969327 |
||
| 245 | _aGenetic nature/culture : anthropology and science beyond the two-culture divide | ||
| 260 |
_aUniversity of California Press, _bBerkeley _c2003 |
||
| 300 |
_a 311 p _b xvii, ill. ; 24 cm. |
||
| 650 |
_a Human population genetics -- Congresses | Human genetics -- Research -- Congresses | Human genetics -- Moral and ethical aspects -- Congresses | Anthropological ethics -- Congresses _969328 |
||
| 700 |
_aDeborah Heath, and M. Susan Lindee. _969329 |
||
| 942 | _cBK | ||
| 999 |
_c576664 _d576664 |
||